Normal view
MARC view
Entry Personal Name
001 - CONTROL NUMBER
- control field: 3878
003 - CONTROL NUMBER IDENTIFIER
- control field: BD-RjUL
005 - DATE AND TIME OF LATEST TRANSACTION
- control field: 20220626112832.0
008 - FIXED-LENGTH DATA ELEMENTS
- fixed length control field: 220626|| aca||aabn | a|a d
040 ## - CATALOGING SOURCE
- Original cataloging agency: BD-RjUL
- Transcribing agency: BD-RjUL
100 ## - HEADING--PERSONAL NAME
- Personal name: صديقي, زهير احمد Seddiqi, Zuhair Ahmed
670 ## - SOURCE DATA FOUND
- Source citation: Work cat.: (BD-RjUL)80037: صديقي, زهير احمد Seddiqi, Zuhair Ahmed, قصائد مؤمن(اردو ;; qasayid mumin /